000 01051cam a22003137a 4500
003 CHAP
005 20220329134354.0
008 971013s1979 r 00010 d
010 _a19517
011 _a20489
035 _a24577
040 _cCHAP
082 _a634.94
_bD5
100 0 0 _aDickson, James Geere
_eed.
_932478
245 1 4 _aThe role of insectivotous birds in forest ecosystems; proceeding of a symposium ..
260 _aNew York :
_bAcademic Press,
_c1979
300 _a381 p.
_b: ilus. ; gráfs.
590 _aBATCH-UPD
_b10
_c20130110
_lUCH01
_h2001
590 _aBATCH-UPD
_b10
_c20130410
_lUCH01
_h1321
590 _aBATCH-UPD
_b10
_c20130914
_lUCH01
_h0456
590 _aCONVERSION
_b10
_c20130109
_lUCH01
_h1312
650 1 4 _aAves e insectos.
_98689
650 1 4 _aEcología forestal.
_935176
650 1 4 _aOrnitología económica.
_983619
901 _aBK
942 _cLIBRO
949 _a634.94 D5
_bBC
_cLIBRO
_d33724000248548
_eLIBRO
_h56033
_i24577
_si
949 _a634.94 D5
_bBC
_cLIBRO
_d33724000248555
_eLIBRO
_fc.2
_h56034
_i24577
_si
999 _c19517
_d19517